| 000 | 01418cam a2200313M 4500 | ||
|---|---|---|---|
| 001 | 87338 | ||
| 005 | 20230410142327.0 | ||
| 008 | 091207s2005 nyu 000 u eng d | ||
| 035 | _a(OCoLC)ocn474959158 | ||
| 040 |
_aDKDLA _bdan _cDKDLA |
||
| 020 | _a0393059065 | ||
| 020 | _a9780393059069 | ||
| 029 | 0 |
_aDKDLA _b31162964 |
|
| 035 | _a(OCoLC)474959158 | ||
| 084 |
_a29.43 _2z |
||
| 049 | _aGRAL | ||
| 050 | 1 | 4 |
_aBQ 843 _bP145a 2005 |
| 100 | 1 | _aPaine, Jeffery. | |
| 245 | 1 | 0 |
_aAdventures with the Buddha : _ba personal Buddhism reader / _cJeffery Paine. |
| 250 | _a1. edition. | ||
| 260 |
_aNew York : _bNorton, _c2005. |
||
| 300 | _a410 sider. | ||
| 505 | 0 | _aIndhold:Tibet as it once was / Alexandra David-Neel -- A Himalayan guru of the old style / Lama Anagarika Govinda -- The lost world of Chinese Buddhism / John Blofeld -- Taoism and/or Buddhism?. Janwillem van de Wetering: Reality in a zen monastery / Peter Goullart -- An African-American woman's journey / Jan Willis -- In search of women's wisdom / Isultrim Allione -- Suffering and its partial cure / Sharon Salzberg -- The diamond sutra / Michael Roach -- The diamond business. | |
| 520 | 8 | _aBeretning fra 9 vesterlµndinges rejser i Kina, Tibet, Japan, Nepal og Indien. Her fortµller de, hvordan buddhismen er blevet en integreret del af deres liv. | |
| 650 | 4 | _aBudismo. | |
| 942 |
_2lcc _cbk |
||
| 994 |
_aC0 _bDRFGD |
||
| 946 | _ardc | ||
| 999 |
_c93613 _d93613 |
||